[Event "Bundesliga 0102"]
[Site "Germany"]
[Date "2002.04.27"]
[Round "14.5"]
[White "Graf, Alexander"]
[Black "Schmittdiel, Eckhard"]
[Result "1-0"]
[WhiteElo "2610"]
[BlackElo "2490"]
[Annotator "Kortschnoj,V"]
[PlyCount "83"]
[EventDate "2001.10.06"]
[EventType "team-tourn"]
[EventRounds "15"]
[EventCountry "GER"]
[SourceTitle "CBM 089"]
[Source "ChessBase"]
[SourceDate "2002.08.12"]
[SourceVersion "1"]
[SourceVersionDate "2002.08.12"]
[SourceQuality "1"]
[WhiteTeam "Porz"]
[BlackTeam "Stuttgart"]
[WhiteTeamCountry "GER"]
[BlackTeamCountry "GER"]

1. d4 {Gershon} Nf6 2. c4 e6 3. Nf3 Bb4+ 4. Nbd2 b6 5. e3 Bb7 6. Bd3 O-O 7. O-O
d5 {Greats specialists of the variation 3...Bb4 like Ulf Andersson prefer 7...
c5.} 8. a3 Bd6 {I believe the bishop is located better on e7, but most of the
players put it onto this more exposed square.} 9. b4 ({a 'normal'} 9. Qc2 {
Gershon: doesn't promise much} Nbd7 10. b4 c5 11. bxc5 bxc5 12. Rb1 Ba6 13.
cxd5 Bxd3 14. Qxd3 Nxd5 15. Nc4 Be7 16. Bd2 cxd4 17. Nxd4 $11 {0-1 Cramling,
P-Chiburdanidze,M/Kalev 1997/EXT 98 (59)}) 9... c5 10. bxc5 (10. dxc5 {Gershon}
bxc5 11. cxd5 exd5 12. bxc5 Bxc5 13. Bb2 Nbd7 14. Nb3 Bb6 15. a4 a6 16. a5 Ba7
17. Rc1 $14 {1/2-1/2 Inkiov,V-Cebalo,M/Kastav 2000/EXT 2002 (34). (34)}) 10...
bxc5 11. cxd5 {'!' Gershon. The alternative is 11Rb1+/= Gershon: 'A very
interesting idea by white.'} (11. Rb1 {Gershon} Qe7 12. Bb2 $6 Nbd7 13. Ne5
cxd4 14. exd4 dxc4 15. Ndxc4 Nb6 16. Bc1 h6 17. Qe2 Nxc4 18. Nxc4 Bd5 {and
black got the better game in: Pitterson,J-Gallegos,C/Valencia 2000/EXT 2001 
(55)}) 11... cxd4 ({Or} 11... cxd4 {always with some advantage to white.}) (
11... Nxd5 $2 {(Gershon) doesn't work} 12. dxc5 Bxc5 13. Qc2 {[%csl Rc5,Rh7]
[%cal Yc2c5,Yd3h7] the point. Black cannot play normally, and has to enter a
long forced line.}) 12. dxe6 {The famous machine, Fritz-7, suggests here 12.e4
with an edge to white. I share its point of view.} dxe3 13. Nc4 {This move was
more or less forced - black had the threat Bxh2+.} (13. exf7+ {(Gershon) is bad
} Rxf7 14. fxe3 Bxh2+ $1 $17) 13... exf2+ 14. Rxf2 Bc5 ({of course} 14... fxe6
$4 {(Gershon) loses on the spot} 15. Nxd6 Qxd6 16. Bxh7+ $18) 15. exf7+ Kh8 {
Gershon: 'only move'} ({the pawn is untouchable:} 15... Rxf7 {Gershon} 16.
Bxh7+ $18) (15... Kxf7 {Gershon} 16. Be3 {the K is badly misplaced.}) 16. Be3
Bxf3 $5 {Due to poor development of black pieces white stads somewhat better.
The last move of black is not short of originality - black eliminated the
important knight which could create strong threats to the black king. A
tactical justification of the move: 17.Qxf3 Qxd3 and black is OK.} 17. Rxf3 (
17. Qxf3 {Gershon} Qxd3 18. Bxc5 Qxf3 19. Rxf3 Rxf7 20. Re1 $14) 17... Nbd7 18.
Kh1 {'?!' Gershon. Gershon: 'Missing an opportunity to enter favorable
complications.'} ({white has an amazing resource} 18. Bxh7 $5 {(Gershon) which
leads to very interesting lines} Bxe3+ 19. Rxe3 Nxh7 20. Qd5 $1 {and now:} (20.
Qh5 {Gershon} Qg5 {and black is ok}) 20... Ng5 (20... Ndf6 $2 {(Gershon) is
met with a beautiful} 21. Ne5 $1 g5 (21... Qxd5 {Gershon} 22. Ng6#) 22. Qa2 Qd4
23. Rae1 Nd5 24. Nf3 Qc5 $8 25. Qb2+ Nhf6 26. Nxg5 {with an unclear position})
21. Nd6 {with strong compensation for the piece}) 18... Rxf7 19. Bxc5 Nxc5 20.
Ne5 {Gershon: 'White has a very small edge now'} Rc7 21. Ng6+ $5 {Black was on
the way to fully equalize the game.} ({After} 21. Bc4 {white's advantage would
gradually evaporate. That's why white sacrifices a piece - practical, but far
from convincing decision.} Qxd1+ 22. Rxd1 h6) 21... hxg6 22. Rh3+ Kg8 (22...
Nh5 $4 {(Gershon) Is losing on the spot after:} 23. Rxh5+ gxh5 24. Qxh5+ Kg8
25. Bc4+ Kf8 26. Rf1+ $18) 23. Bc4+ Rf7 {'[]' Gershon.} 24. Qc2 Nce4 25. Qa2 {
Gershon: 'white has a pressure for now, but the two knights in the center of
the board really control the position. '} ({If} 25. Re3 {then} Qd4 26. Rae1
Nf2+ 27. Kg1 Nd5 28. Qxg6 Raf8 $19) 25... Ng5 {The machine estimates now the
position as -/+. But a human being, having a task to protect his king, will
still confront serious problems.} (25... Qe7 {(Gershon) is a blunder:} 26.
Bxf7+ Qxf7 27. Rh8+ $18) 26. Rg3 Nfe4 27. Bxf7+ Nxf7 28. Rxg6 {Gershon: 'A
very curious position. A queen and two knights is a very powerful combination,
but white K is much safer than his collegue. Another thing speaking in white's
favor is that the endgames R vs 2N will traditionally be good for white .'} Qd3
{Gershon: 'Not allowing white R to f1.'} (28... Qd4 {(Gershon) placing the Q
on a central square was worth considering,} 29. Rf1 Rf8) 29. Re6 Rd8 30. h3 (
30. Re1 Qe3 $1 31. Rf1 {was stronger.} Rd5 32. Re8+ Kh7 33. Qb1 Nfd6) 30... Rd5
{'?!' Gershon. Gershon: 'A dubious move, tying a Q to R's protection . Black
is ought to get an initiative for only then will his piece tell. For this
purpose, black should have untied his knight' Up to now black has played the
exemplary way, but here he slows down his initiative. He had to continue} (
30... Qd4 31. Re1 Nf2+ 32. Kh2 Qf4+ 33. g3 (33. Kg1 Nxh3+ 34. gxh3 Rd2 $19)
33... Qf5 {compromising protection of the white king.}) (30... Kf8 $142 {
Gershon} 31. Re1 Nfd6 {and black's chances look preferable}) 31. Re1 Ng3+ 32.
Kg1 Rf5 33. Qb2 Rf1+ {'?' Gershon. Gershon: 'a wrong approch by black. He had
to keep the R's on the board, which would give him another mobile piece. Now ,
the N's begin to look clumsy'} (33... Kh7 $13 {Gershon}) 34. Kh2 (34. Rxf1 {
Gershon} Qxf1+ 35. Kh2 Nf5 $11) 34... Rxe1 35. Qb8+ Kh7 36. Rxe1 Nf5 37. Qf4 {
'+/=' Gershon.} N7d6 ({black could attempt to go into an endgame:} 37... Qd6 {
Gershon} 38. Qxd6 N7xd6 {although after} 39. g4 $1 Nh6 (39... Nd4 {Gershon} 40.
Rd1 N6b5 41. a4 Nf3+ 42. Kg3 Nc3 43. Rd7 Ne5 44. Rxa7 $16) 40. a4 $14 {white
has a small edge}) 38. a4 {Gershon: 'black's position is very solid, but not
an easy one to play! Here, the best try was to swap the ladies'} Nc4 {Gershon:
'missing white's strong reaction:' After 38...Qc4 black would force an endgame
with a slight advantage. In time trouble he puts his pieces to unstable
positions.} (38... Qc4 {(Gershon) and draw seems to be the most likely result})
39. Re6 {'!' Gershon.} Nce3 $2 {Gershon: 'after this active looking move,
black is lost!' After 39...Qd5 black was still in no danger.} 40. Qg5 Ng3 $4 {
The machine points out the only defence:} (40... Nf1+ 41. Kg1 Nh6 42. Qb5 $1 {
black is hardly able to save the game.} Qxb5 43. axb5 Nd2 44. Re7 $16 {and
white still has to overcome many technical difficulties}) 41. Kxg3 Nf1+ 42. Kf2
1-0

[Event "EU-Cup 31st"]
[Site "Skopje"]
[Date "2015.10.22"]
[Round "5.1"]
[White "Kramnik, Vladimir"]
[Black "Topalov, Veselin"]
[Result "1-0"]
[WhiteElo "2777"]
[BlackElo "2813"]
[Annotator "Kramnik,V"]
[PlyCount "71"]
[EventDate "2015.10.18"]
[EventType "team-swiss"]
[EventRounds "7"]
[EventCountry "MKD"]
[SourceTitle "CBM 169"]
[Source "ChessBase"]
[SourceDate "2015.11.10"]
[SourceVersion "1"]
[SourceVersionDate "2015.11.10"]
[SourceQuality "1"]
[WhiteTeam "Siberia"]
[BlackTeam "Socar"]
[WhiteTeamCountry "RUS"]
[BlackTeamCountry "AZE"]

1. d4 Nf6 2. Nf3 e6 3. e3 c5 4. Bd3 b6 5. O-O Bb7 6. c4 cxd4 7. exd4 Be7 8. Nc3
d5 9. cxd5 Nxd5 10. Ne5 O-O 11. Qg4 {This old theoretical line seems to be
promising for White in general, plus Topalov was not very familiar with it.} f5
{The safest choice.} (11... Nf6 {is more principled but dangerous at the same
time:} 12. Qh4 {/\ Bg5} Ne4 13. Qh3 Qxd4 14. Bf4 {with complicated sharp play
ahead.}) 12. Qe2 Bf6 13. Bc4 {It is clear that White has managed to get a nice
initiative out of the opening although Black's position is solid.} Re8 (13...
Nd7 $2 14. Nc6 $1) 14. Rd1 Nd7 (14... Nc6 15. Nxd5 exd5 16. f4 $1 Qd6 17. Bb3 {
with a clear positional advantage.}) 15. Bb5 (15. Bd2 {was possible, with some
advantage, but I decided to choose a more ambitious move.}) 15... Bxe5 16. dxe5
Qe7 {The only reasonable move.} (16... a6 17. Nxd5 axb5 (17... Bxd5 18. Bxa6)
18. Nb4 $1 Qe7 19. Rd6 $16) 17. Nxd5 Bxd5 18. Qh5 $1 {The point.} g6 {
Weakening, but there is no other way to defend against Bg5.} (18... h6 19. Bxh6
$1 gxh6 20. Qg6+ Kf8 21. Qxh6+ Kf7 22. Rxd5 exd5 23. Qh7+ Kf8 24. Qxf5+ Qf7 25.
Bxd7 Qxf5 26. Bxf5 Rxe5 27. Bd3 Rae8 28. Kf1 {and White is clearly better in
this endgame.}) (18... Nxe5 {was a try although White is better, being an
exchange up even if Black has chances for a draw} 19. Bg5 Qf8 20. Bxe8 Rxe8)
19. Qh6 Rec8 20. Bg5 Qf7 21. Bxd7 (21. Bf4 {was another, more positional
approach, keeping some pressure} a6 22. Bf1 b5 23. b3 {with some advantage.})
21... Qxd7 22. Bf6 {White has good attacking potential in this position and
even if Black might hold with precise defence it is not easy to demonstrate
over the board.} Qf7 {He has to lose a tempo with this move because Rxd5 was
coming otherwise.} (22... Rc2 23. Rxd5 $1 exd5 24. e6 Qc7 25. e7) ({or} 22...
Rc4 23. Rxd5 exd5 24. e6) 23. b3 {It is important to prevent the ...Rc4, ...
Rg4 resource.} (23. Rd3 {is very direct approach but Black seems to have
enough defensive resourses:} Rc2 (23... Rc4 24. b3) 24. Rg3 Rac8 25. h4 R8c4 $1
26. h5 Rg4 27. Rxg4 fxg4 28. Qg5 h6 29. Qxg4 g5 {/\ ...Qh7.}) 23... Qf8 24. Qf4
(24. Qg5 {was tempting, but Black is just in time again to defend his king:}
Rc2 25. h4 Rac8 26. h5 Qb4 $1 {that is why Qf4 was chosen instead of Qg5 in
the game} 27. hxg6 Qg4 28. Qxg4 fxg4 29. gxh7+ Kxh7 30. Rd4 g3 $1 31. Rh4+ Kg6
32. Rg4+ Kf5 33. Rxg3 Rc1+ 34. Rxc1 Rxc1+ 35. Kh2 Rc2 {with a draw.}) 24... Rc2
$2 {The only mistake in the game but quite a serious one. Before starting
counterplay Black should have improved his king position.} (24... h6 $1 25. h4
Rc5 $1 {followed by ...Kh7 next and Black's position is passive but difficult
to break.} (25... Rc2 26. Rxd5 $1 exd5 27. Rd1 Qc5 28. h5 {and mate is near}))
25. h4 Rac8 26. h5 {Now seemingly active rooks and control of the c-file
doesn't help Black to defend against the threats on the kingside.} Qe8 (26...
Qf7 {was slightly more logical but does not change much.}) 27. Rd3 {/\ hxg6.}
R2c3 28. Rad1 gxh5 {Topalov presumably pinned his hopes on this idea but
underestimated the exchange sacrifice; in any case, there was no longer
anything else to do here.} 29. Rxd5 $1 {Strong and logical.} exd5 30. e6 {
More forcing and leads to a forced win in all lines, so I have chosen it.} (30.
Rxd5 $18 {was good enough.}) 30... R3c7 (30... Qg6 31. Bxc3 Rxc3 32. Qb8+ Kg7
33. e7 {game over}) (30... R3c6 31. Rd3 Rxe6 32. Rg3+ Kf7 33. Qh6 $1 {once I
noticed this move in my calculations I understood that my attack is decisive}
Rxf6 34. Qg7+ Ke6 35. Re3+ $18) 31. Rxd5 Qxe6 (31... Qg6 32. Qxc7 $1) (31...
Rc1+ 32. Kh2 Qg6 33. Qxc1 $1) 32. Qg5+ Kf8 ({or} 32... Kf7 33. Rxf5 Rc5 34.
Qxh5+ Kf8 35. Be5+ Ke7 36. Qxh7+ Ke8 37. Rg5 (37. f4) 37... Rxe5 38. Qh5+) 33.
Rxf5 Rf7 (33... Rc5 {does not change anything even if is more resistant} 34.
Be7+ Ke8 35. Bxc5 {was my intention} (35. Rf8+ Kd7 36. Bxc5 {wins on the spot
according to computers}) 35... Rxc5 36. Qxh5+ Kd7 37. Rxc5 bxc5 38. Qxc5 {
with an easy technical win.}) 34. Qh6+ Ke8 35. Re5 Rc6 {Trying to use some
pinning motifs.} 36. Qxh5 {White is counterpinning with devastating effect, so
Topalov resigned.} 1-0

[Event "Tata Steel-A 79th"]
[Site "Wijk aan Zee"]
[Date "2017.01.21"]
[Round "7"]
[White "Carlsen, Magnus"]
[Black "Giri, Anish"]
[Result "1/2-1/2"]
[WhiteElo "2840"]
[BlackElo "2773"]
[Annotator "Krasenkow,M"]
[PlyCount "245"]
[EventDate "2017.01.14"]
[EventType "tourn"]
[EventRounds "13"]
[EventCountry "NED"]
[EventCategory "21"]
[SourceTitle "CBM 177"]
[Source "ChessBase"]
[SourceDate "2017.03.16"]
[SourceVersion "1"]
[SourceVersionDate "2017.03.16"]
[SourceQuality "1"]

1. d4 Nf6 2. Nf3 d5 3. e3 e6 4. Bd3 c5 5. c3 b6 6. O-O Bb7 7. Nbd2 Be7 8. b3 {
White plays a kind of "Anti-Meran 6.Qc2 Bd6 7.b3" with reversed colours. Of
course, it is not too dangerous for Black.} O-O 9. Bb2 Nbd7 10. Qe2 Bd6 {
A strange idea. This loss of a tempo was not forced at all.} (10... Qc7 {
[%cal Ye6e5]} 11. c4 Rad8 12. Rac1 Rfe8 13. Rfd1 Bd6 {(now timely)} 14. cxd5
exd5 15. Ba6 Qc8 16. Bxb7 Qxb7 17. Qb5 a6 18. Qf1 h6 19. h3 Bb8 $11 {1/2 (33)
Kaszowski,D (2283)-Barglowski,F (2335) Ustron 2004}) (10... Ne4 11. Rfd1 f5 (
11... cxd4 12. exd4 Nxd2 13. Rxd2 Rc8 $11) 12. c4 a6 13. Nf1 Qe8 14. Ne5 Bh4
15. Ng3 Nxe5 16. dxe5 Bxg3 17. hxg3 Qg6 $13 {1-0 (43) Eliskases,E-Engels,L Bad
Oeynhausen 1938}) 11. c4 {This position arose in a number of games in which
White's c4-pawn and Black's d6-bishop reached their positions in one go.} cxd4
(11... Ne4 12. cxd5 exd5 13. Ba6 Bxa6 14. Qxa6 Ndf6 (14... cxd4 15. Bxd4 Ndc5
16. Qe2 Re8 17. Rfd1 Qe7 18. Bb2 Ne6 19. Nf1 Rad8 20. Ng3 g6 21. Rac1 Ba3 22.
Qc2 $14 {1/2 (60) Doettling,F (2360)-Vatter,H (2385) Karlsbad Auerbach 1998})
15. h3 Re8 16. Rad1 Qe7 17. dxc5 Bxc5 18. Nxe4 dxe4 19. Nd4 Qe5 20. Rd2 Bd6 {
1/2 (24) Koneru,H (2575)-Ushenina,A (2458) Hancheng 2016} 21. g3 $5) 12. exd4
Qe7 13. Ne5 (13. a3 Bf4 14. Rfe1 Rfd8 15. a4 Bd6 $5 {[%csl Rb4]} 16. a5 Bb4 17.
axb6 axb6 18. Rxa8 Rxa8 19. Ra1 Rxa1+ 20. Bxa1 Qd8 21. Qd1 Qa8 22. Bf1 h6 23.
Qc1 {1/2 (22) Bruno,F (2436)-Godena,M (2495) Boscotrecase 2014}) 13... Ba3 {
The exchange of bishops is desirable for Black: it weakens White's d4-pawn and
generally, simplifications are favourable for the side fighting against
hanging pawns.} 14. Bxa3 (14. Bc3 Bb4 15. Bb2 Ba3 {1/2 Minev,N-Tolush,A Warsaw
1961}) 14... Qxa3 15. f4 Qb2 $1 16. Nef3 (16. Qe3 Nxe5 17. fxe5 Ng4 $1 18. Qf4
Qc3 $132) 16... dxc4 17. bxc4 Bxf3 {Too straightforward.} (17... Rad8 $5 18. a4
Nb8 19. a5 Nc6) 18. Nxf3 Qxe2 19. Bxe2 Rac8 20. a4 Rc7 $6 {Just a loss of an
important tempo.} (20... Nb8 $142 $1 21. a5 Nc6 22. axb6 axb6 23. Ra6 Rfd8 24.
Rd1 Ne4 {[%cal Re4c3]} 25. Bf1 Rb8 $11) 21. a5 Rd8 22. axb6 Nxb6 (22... axb6
23. Ra6 {- Black has no time to transfer his passive d7-knight to c6 anymore.})
23. Rfc1 (23. Ra3 $142 $1 {[%cal Yf1a1]} Nxc4 $4 24. Rc3) 23... Nc8 {This
knight finds some good squares now.} 24. g3 Ne7 25. Ra4 Nc6 (25... Kf8 $142 26.
c5 Nfd5) 26. c5 {[%cal Ye2b5]} Nd5 27. Ne5 $1 {[%mdl 32] The exchange of
knights is favourable for White, whose knight is less active.} Nde7 (27... Nxe5
28. fxe5 $14) 28. Rcc4 (28. Rd1 {was quite possible. If} Nb8 {then} 29. Bf3 f6
30. Nc4) 28... Nxe5 (28... Nb8 $5 {[%cal Yf7f6]} 29. Rc1 f6 30. Nf3 Nbc6) 29.
fxe5 f6 30. exf6 gxf6 31. Bf3 e5 32. dxe5 fxe5 {[%csl Re5] Black has got
another weakness in his camp, and White has a chance to outmanoeuvre him.} 33.
c6 Nf5 (33... Rdc8 34. Ra5 $1 Nxc6 $2 35. Rac5) 34. Ra5 Re8 35. Rcc5 Nd4 36.
Be4 Kf7 37. Kg2 Kf6 38. Ra2 Ke6 $6 {Black´s king will now be in danger, too.}
(38... Rec8 $142) 39. Rca5 Ree7 (39... Rec8 40. Rxa7 Nxc6 41. R7a6 Ke7 42. Rf2
$18 {[%cal Re4h7]} Ke8 43. h4 $22) (39... Ra8 $5) 40. Rf2 Rg7 (40... Nxc6 41.
Ra6 Kd7 42. Bxc6+ Rxc6 43. Rd2+ Kc7 44. Rxa7+ $18) (40... Kd6 41. Rd5+ Ke6 42.
Rd8 Rg7 43. Bd5+ Ke7 44. Rff8 $18) 41. h4 h5 42. Kh2 $22 a6 (42... Rce7 43.
Bd5+ Kd6 44. Rf6+ Ne6 45. c7 $18) (42... Rge7 43. Bd5+ Kd6 44. Rf6+ Ne6 45. g4
hxg4 46. Kg3 $18 {[%cal Yh4h5,Yh5h6]}) 43. Bd5+ Ke7 44. Rxa6 Kd6 45. Bg2 $1 {
White has won a pawn, the rest should be a matter of technique.} (45. Be4 $143
Rg4 $1) 45... Rge7 (45... Rg6 46. Rf8) 46. Ra5 (46. Be4 $1 {was now
appropriate, e.g.} Re6 47. Rf8 Nxc6 48. Rf2 $1 Rh6 49. Rc2 Kd7 {Black is
totally tied up and loses after} 50. g4 $1 hxg4 51. Kg3 {etc.}) 46... Nxc6 47.
Rf6+ Re6 48. Rd5+ Ke7 49. Rf5 e4 $6 {Desperation.} (49... Rh6 {was more
stubborn although after} 50. Be4 {Black's position remained poor.}) 50. Rxh5 e3
51. Rh7+ Ke8 (51... Kf8 52. Rxc7 e2 53. Rf5+ Ke8 54. Bxc6+ Kd8 55. Ra7 $18) 52.
Rxc7 e2 53. Bf3 $1 {The refutation of Black's idea.} e1=Q 54. Bh5+ Kf8 55. Rf5+
Kg8 56. Bf7+ $2 {[%mdl 8192] White played this move without thinking, missing
a simple mate:} (56. Rc8+ Kg7 57. Rf7+ Kh6 58. Rh8#) 56... Kh8 $1 57. Rh5+ Kg7
58. Bxe6+ Kf6 {Suddenly it is not easy for White to consolidate his pieces.}
59. Rh6+ $2 (59. Bc4 $1 {was the right way but it was not easy to calculate
the following variations:} Ne5 60. Rh6+ $1 Kf5 61. Bd3+ $1 Nxd3 (61... Kg4 62.
Rg7+ Kf3 63. Rf6+ Ke3 64. Bf1 Nf3+ 65. Rxf3+ Kxf3 66. Bg2+ Kf2 67. Rf7+ $18)
62. Rf7+ Kg4 (62... Ke4 63. Re6+ Ne5 64. Rxe5+ Kxe5 65. Re7+ $18) 63. Rg7+ Kf3
(63... Kf5 64. Rg5+ Ke4 65. Re6+) 64. Rf6+ Ke4 65. Re6+ Ne5 66. Rxe5+ Kxe5 67.
Re7+ $18) 59... Ke5 60. Bh3 (60. Rh5+ $142 Kd6 (60... Kf6 61. Bc4 $1) 61. Rxc6+
Kxc6 62. Bd5+ Kd6 63. Rf5 {cutting off Black's king.}) 60... Qd2+ 61. Bg2 Qxh6
62. Rxc6 {[%mdl 4096] This endgame is theoretically drawn.} Qh7 $6 (62... Qe3
$142) 63. Rc4 {White misses another chance to cut off Black's king and keep
more winning chances:} (63. Bh3 {[%cal Yc6e6]}) 63... Kf6 64. Rg4 $6 {This
cut-off is insufficient.} (64. Rc6+ Ke5 65. Bh3) 64... Qd7 {, and Black
successfully held his ground:} 65. Rg5 Qc7 66. Rb5 Qc2 67. Rb6+ Kg7 68. Re6 Qa2
69. Re7+ Kf6 70. Re4 Kg7 71. Kh3 Qf7 72. Re2 Qf5+ 73. Kh2 Qf6 74. Be4 Qf1 75.
Rc2 Qe1 76. Bf3 Qf1 77. Bg2 Qe1 78. Rc7+ Kh8 79. Rc4 Qe2 80. Re4 Qd2 81. Re6
Qa2 82. Re8+ Kg7 83. Re7+ Kh8 84. Re3 Qd2 85. Rf3 Qd7 86. Rb3 Qe6 87. Rb2 Qe5
88. Rf2 Qe6 89. Bf3 Qe5 90. Kg2 Qf6 91. Re2 Qd8 92. Ra2 Qf6 93. Rc2 Qe7 94. Rc6
Qd8 95. Rc2 Qe7 96. Rc8+ Kg7 97. Rc6 Kh8 98. Rh6+ Kg7 99. Rh5 Qe1 100. Rd5 Qe7
101. Rb5 Qe1 102. Rb7+ Kh8 103. Rd7 Qe8 104. Rd1 Qc8 105. Re1 Qc3 106. Rf1 Qd2+
107. Kh3 Qd7+ 108. g4 {White finally starts moving his kingside pawns but
exposes his king.} Qd3 109. Kg2 Qd2+ 110. Rf2 Qe1 111. h5 Kg7 112. Re2 Qa5 113.
Re4 Kf6 114. Rf4+ Kg5 115. Rf5+ Qxf5 116. gxf5 Kxf5 117. Kg3 Kg5 118. Bg4 Kh6
119. Kh4 Kg7 120. Kg5 Kh8 121. h6 Kh7 122. Be6 Kh8 123. Kg6 1/2-1/2

[Event "Candidates sf"]
[Site "Elista"]
[Date "2007.05.31"]
[Round "1.4"]
[White "Aronian, Levon"]
[Black "Carlsen, Magnus"]
[Result "1-0"]
[WhiteElo "2759"]
[BlackElo "2693"]
[Annotator "Krasenkow,M"]
[PlyCount "79"]
[EventDate "2007.05.27"]
[EventType "k.o."]
[EventRounds "12"]
[EventCountry "RUS"]
[SourceTitle "CBM 119"]
[Source "ChessBase"]
[SourceDate "2007.08.01"]
[SourceVersion "1"]
[SourceVersionDate "2007.08.01"]
[SourceQuality "1"]

1. d4 Nf6 2. Nf3 e6 3. c4 Bb4+ 4. Nbd2 b6 5. a3 Bxd2+ 6. Qxd2 Bb7 7. e3 O-O 8.
b4 d5 $6 {Quite illogical. Black opens up the position against White's bishop
pair...} (8... d6 {is common.}) 9. Bb2 Nbd7 10. Bd3 dxc4 11. Bxc4 c5 12. O-O
Rc8 13. Qe2 Qe7 (13... Rc7 14. dxc5 bxc5 15. b5 Qe7 16. Rfd1 e5 17. Nd2 e4 18.
Nf1 (18. Nb3 $5) 18... Ne5 19. Ng3 g6 20. Rd2 h5 21. h3 h4 22. Nf1 $14 {
1/2-1/2 Huss,A-Karlsson,P/Graz 1972/MCD (42)}) 14. Rfc1 cxd4 15. Nxd4 h6 16.
Ba6 {[%mdl 32] Trading one of the bishops but weakening light squares in
Black's camp.} Bxa6 17. Qxa6 Rxc1+ 18. Rxc1 Nb8 19. Qc4 {[%csl Rb8][%cal Gc1c8]
} Rd8 20. h3 Ne8 21. b5 Rd5 22. Qe2 Rc5 23. Rd1 Rc8 24. Qf3 Rd8 25. Rc1 Nd6 26.
a4 e5 $6 {Black can't stand the pressure and tries to break through. As often
happens, it leads to new weaknesses.} 27. Nf5 (27. Nc6 Nxc6 28. bxc6 Ne8 29.
Qe4 f6 30. f4 $1 $16 {is another attractive option.}) 27... Nxf5 28. Qxf5 f6
29. Qe4 {Black can't defend all his weaknesses, from the a7 pawn to his weak
kingside. White needn't hurry, his only concern is to prevent Black's b8
knight entering the game.} Qf7 30. Ba3 Kh8 31. Kh2 Kg8 32. Bd6 $1 Qd7 33. Bc7
Rf8 34. Rc2 (34. Qb7 $5) (34. Qa8 $5) 34... Re8 35. Rc4 (35. Qa8 $18) 35... Qf7
36. Bd6 Rd8 $6 (36... Qd7 $8 $16) 37. Rc7 Nd7 38. Qc6 Qe6 39. Rxa7 Kf7 40. Qxb6
{An instructive game!} 1-0